000 01013nam a2200265Ia 4500
003 OSt
005 20221005105648.0
006 a|||||r|||| 00| 0
007 ta
008 221004b |||||||| |||| 00| 0 hin d
020 _a8181435508 (hbk)
_c250
024 _a97022
037 _b569, 23/03/2009, Vani Prakashan
_cTextual
040 _aCRL
_cCRL
_bhin
041 _2hin
_ahin
082 _aY:1.253.N, 152P6
100 _aशिव दयाल, संपा.
245 0 _aबिहार की विरासत और नवनिर्माण की चुनौति
246 _aBihār kī virāsat aur navanirmāṇ kī chunauti
260 _aनई दिल्ली
_bवाणी प्रकाशन भारत
_c2006
300 _a188पृ0
_ccm.
650 _aभारतीय-लोक साहित्य
942 _hY:1.253.N, 152P6
_cTEXL
_2cc
999 _c1016498
_d1016498